000 01633nam a2200349 a 4500
001 ebr10646008
003 CaPaEBR
006 m u
007 cr cn|||||||||
008 120907s2013 enk sb 001 0 eng d
010 _z 2012035615
020 _z9781444338607 (hardback)
020 _z9781444338669 (paperback)
020 _z9781118298893 (e-book)
040 _aCaPaEBR
_cCaPaEBR
035 _a(OCoLC)824698478
050 1 4 _aN6490
_b.C65665 2013eb
082 0 4 _a709.05/1
_223
245 0 0 _aContemporary art
_h[electronic resource] :
_b1989 to the present /
_cedited by Alexander Dumbadze and Suzanne Hudson.
260 _aChichester, West Sussex :
_bWiley-Blackwell,
_c2013.
300 _axv, 493 p.
504 _aIncludes bibliographical references and index.
520 _a"An integrated account of today's contemporary art world that features original articles by leading international art historians, critics, curators, and artists, introducing varied perspectives on the most important debates and discussions happening around the world"--
_cProvided by publisher.
533 _aElectronic reproduction.
_bPalo Alto, Calif. :
_cebrary,
_d2013.
_nAvailable via World Wide Web.
_nAccess may be limited to ebrary affiliated libraries.
650 0 _aArt, Modern
_y20th century.
650 0 _aArt, Modern
_y21st century.
655 7 _aElectronic books.
_2local
700 1 _aDumbadze, Alexander Blair,
_d1973-
700 1 _aHudson, Suzanne.
710 2 _aebrary, Inc.
856 4 0 _uhttp://site.ebrary.com/lib/rucke/Doc?id=10646008
_zAn electronic book accessible through the World Wide Web; click to view
999 _c45258
_d45258